000 00310nam a2200121Ia 4500
008 240731s9999 xx 000 0 und d
022 _a1176-0710
245 0 _aNew Zealand Veterinary Journal
260 _bTaylor & Francis
856 _uhttps://www.tandfonline.com/loi/tnzv20
942 _2ddc
942 _cTFEJ
999 _c78732
_d78732
945 _a1
_bMadushi Gamage
_c1
_dMadushi Gamage